Couscous quality and agronomic performances in relation to phenotypic recurrent selection in sorghum improvement /

Bibliographic Details
Main Author: Galiba, Marcel, 1952-
Other Authors: Kimber, Clarissa T. (degree committee member.), Rooney, Lloyd W. (degree committee member.), Rosenow, Darrel T. (degree committee member.), Smith, James D. (degree committee member.)
Format: Thesis Book
Language:English
Published: 1986.
Subjects:
Online Access:Link to ProQuest copy
Link to OAKTrust copy
ProQuest, Abstract

MARC

Tag First Indicator Second Indicator Subfields
LEADER 00000ctm a2200000Ia 4500
001 in00000010365
005 20220104090718.0
008 880304s1986 xx a bm 000 0 eng d
035 |9 AAA2569AM 
035 |a (OCoLC)17577450 
035 |a (OCoLC)ocm17577450 
040 |a TXA  |b eng  |c TXA  |d OCLCQ  |d UMI  |d OCLCO  |d TXA 
049 |a TXAM 
099 |a 1986  |a Disser-  |a tation  |a G156 
100 1 |a Galiba, Marcel,  |d 1952- 
245 1 0 |a Couscous quality and agronomic performances in relation to phenotypic recurrent selection in sorghum improvement / 
264 1 |c 1986. 
300 |a xiv, 161 leaves :  |b illustrations ;  |c 29 cm 
336 |a text  |b txt  |2 rdacontent 
337 |a unmediated  |b n  |2 rdamedia 
338 |a volume  |b nc  |2 rdacarrier 
500 |a "Major subject: Plant Breeding." 
500 |a Typescript (photocopy). 
500 |a Vita. 
502 |b Ph. D.  |c Texas A & M University  |d 1986 
504 |a Includes bibliographical references (leaves 148-160). 
520 3 |a Parameters affecting couscous quality were evaluated. Considering sorghum and millets, significant differences were found for milling ability, product color and chemical analysis. Millet products exhibited a higher degree of starch gelatinization than sorghum products. Couscous yields were similar for both species but millet flour tended to cook more uniformly than sorghum flour. Milling procedures were a pertinent source of variation. Traditional milling produced finer flour giving more couscous with lighter color. This result was confirmed by using different flour fractions of the same cultivar. Fine flours absorbed more water and yielded more couscous than coarse flours. Traditional milling did not damage starch more than mechanical milling. But finer flours (over sieve #80 and PAN), produced greater values for enzyme susceptible starch and also amount of overs. Non-normal endosperm types, waxy and heterowaxy, were not suitable for couscous preparation. Endosperm texture was the most critical variable among normal type cultivars. Environmental effect was significant on milling yield but did not affect couscous yield among cultivars when cooking was made with the same amount of flour. Relationships between couscous quality parameters and agronomic performances were mainly explained in terms of kernel characteristics: milling yield, test weight, and kernel hardness. Phenotypic recurrent selection was effective on milling yield. Successful breeding for couscous quality and grain yield can be achieved only at intermediate levels of selection. 
650 0 |a Couscous. 
650 0 |a Millets  |x Genetics. 
650 0 |a Sorghum as food. 
650 0 |a Sorghum  |x Genetics. 
650 0 |a Sorghum  |x Milling. 
650 4 |a Major plant breeding. 
655 7 |a Academic theses  |2 lcgft 
700 1 |a Kimber, Clarissa T.,  |e degree committee member. 
700 1 |a Miller, Frederick R.,  |e degree supervisor. 
700 1 |a Rooney, Lloyd W.,  |e degree committee member. 
700 1 |a Rosenow, Darrel T.,  |e degree committee member. 
700 1 |a Smith, James D.,  |e degree committee member. 
710 2 |a Texas A & M University,  |e degree granting institution. 
856 4 1 |u http://proxy.library.tamu.edu/login?url=http://proquest.umi.com/pqdweb?did=752633141&sid=1&Fmt=2&clientId=2945&RQT=309&VName=PQD  |z Link to ProQuest copy  |t 0 
856 4 1 |u https://hdl.handle.net/1969.1/DISSERTATIONS-16441  |z Link to OAKTrust copy  |t 0 
856 4 2 |3 ProQuest, Abstract  |u http://gateway.proquest.com/openurl?url_ver=Z39.88-2004&rft_val_fmt=info:ofi/fmt:kev:mtx:dissertation&res_dat=xri:pqm&rft_dat=xri:pqdiss:8707411  |t 0 
994 |a C0  |b TXA 
999 f f |s 59750106-4929-39ab-be5e-a875289b85d4  |i d35c59fb-f951-3ef2-b908-fbfc373bab1d  |t 0 
952 f f |p noncirc  |a Texas A&M University  |b J.J. Pickle Campus  |c High Density Repository  |s HDR  |d Remote Storage  |t 0  |e 1986 Dissertation G156  |h Other scheme  |i unmediated -- volume  |m A14839615897 
952 f f |a Texas A&M University  |b College Station  |c Electronic Resources  |s www_evans  |d Available Online  |t 0  |e 1986 Dissertation G156  |h Other scheme 
998 f f |a 1986 Dissertation G156  |t 0  |l Remote Storage 
998 f f |a 1986 Dissertation G156  |t 0  |l Available Online